[Event "Londrina op"]
[Site "Londrina"]
[Date "2024.11.08"]
[Round "1"]
[White "Furtado, Tiago Cicotti"]
[Black "Oliveira, Oliver de Sotti"]
[Result "1-0"]
[WhiteElo "1693"]
[BlackElo "1800"]
[PlyCount "65"]
[EventDate "2024.11.08"]
[EventType "swiss"]
[EventRounds "6"]
[EventCountry "BRA"]
[SourceTitle "CB45_2024"]
[Source "ChessBase"]
[SourceDate "2024.11.06"]
[SourceVersion "1"]
[SourceVersionDate "2024.11.06"]
[SourceQuality "1"]

1. c4 d5 2. g3 dxc4 3. Bg2 Bg4 4. Bxb7 Nd7 5. Na3 Rb8 6. Bg2 Rb4 7. Nc2 e5 8. Nxb4 Bxb4 9. Qa4 Qb8 10. Nf3 Ngf6 11. Nxe5 Bxe2 12. Kxe2 0-0 13. Nxd7 Nxd7 14. Qxd7 Qe8+ 15. Qxe8 Rxe8+ 16. Kd1 a5 17. Bd5 Re5 18. Bxc4 Rc5 19. b3 a4 20. Re1 h5 21. Re8+ Kh7 22. d4 Rf5 23. Bd3 g6 24. Bxf5 gxf5 25. Bb2 axb3 26. axb3 Kg6 27. Ra6+ Bd6 28. Ba3 Kg5 29. Rg8+ Kh6 30. Bxd6 cxd6 31. Rxd6+ Kh7 32. Rg5 Kh8 33. Rh6# 1-0